Project management / (Record no. 15012)
[ view plain ]
| 000 -LEADER | |
|---|---|
| fixed length control field | 00452nam a22001697a 4500 |
| 003 - CONTROL NUMBER IDENTIFIER | |
| control field | PILC |
| 005 - DATE AND TIME OF LATEST TRANSACTION | |
| control field | 20150112093448.0 |
| 008 - FIXED-LENGTH DATA ELEMENTS--GENERAL INFORMATION | |
| fixed length control field | 131019t xxu||||| |||| 00| 0 eng d |
| 020 ## - INTERNATIONAL STANDARD BOOK NUMBER | |
| International Standard Book Number | 9780566087691 |
| 050 ## - LIBRARY OF CONGRESS CALL NUMBER | |
| Classification number | T 56.8 |
| Item number | .L6 2007 |
| 100 ## - MAIN ENTRY--PERSONAL NAME | |
| Personal name | Lock, Dennis |
| 9 (RLIN) | 20952 |
| 245 ## - TITLE STATEMENT | |
| Title | Project management / |
| Statement of responsibility, etc | Dennis Lock. |
| 250 ## - EDITION STATEMENT | |
| Edition statement | 9th ed. |
| 260 ## - PUBLICATION, DISTRIBUTION, ETC. (IMPRINT) | |
| Place of publication, distribution, etc | England ; |
| Name of publisher, distributor, etc | Gower Publishing limited , |
| -- | yz2007. |
| 300 ## - PHYSICAL DESCRIPTION | |
| Extent | 520 pages : |
| Dimensions | 26 cm. |
| 942 ## - ADDED ENTRY ELEMENTS (KOHA) | |
| Source of classification or shelving scheme | Library of Congress Classification |
| Koha item type | Books |
| Withdrawn status | Lost status | Source of classification or shelving scheme | Damaged status | Home library | Current library | Shelving location | Date acquired | Total Checkouts | Full call number | Barcode | Date last seen | Date checked out | Copy number | Price effective from | Koha item type |
|---|---|---|---|---|---|---|---|---|---|---|---|---|---|---|---|
| Library of Congress Classification | Southville International School Affiliated with Foreign Universities Library | Southville International School Affiliated with Foreign Universities Library | Southville Foreign University Section | 10/19/2013 | 2 | T 56.8 .L6 2007 | SFU1577 | 11/28/2018 | 11/20/2018 | 1 | 10/19/2013 | Books |